• 首页
  • 本馆介绍
  • 公告通知
  • 最新文献
  • 馆藏检索
  • 电子资源
  • 读者导购
  • 参考咨询
  • 我的图书馆
  • 登录
  • 详细信息显示
  • 放入我的书架
  • 预约/预借图书
  • 作者相关作品
  • 分类相关作品
  • 丛书相关作品
  • 出版社相关作品

书目信息

  • 表格格式
  • 工作单格式
  • 卡片格式
题名:
基层公共图书馆建设与服务研究
    
 
作者: 郭放 著
分册:  
出版信息: 长春   吉林出版集团股份有限公司  2021.08
页数: 166页
开本: 26cm
丛书名:
单 册:
中图分类: G259.252
科图分类:
主题词: 公共图书馆--基层图书馆--图书馆工作--研究--中国
电子资源:
ISBN: 978-7-5731-0392-5
000 00896nam0 2200229 450
001 012001000459
005 20141201143506.0
010    @a978-7-5731-0392-5@dCNY50.00
100    @a20220905d2021 em y0chiy50 ea
101 0  @achi
102    @aCN@b220000
105    @ay z 000yy
106    @ar
200 1  @a基层公共图书馆建设与服务研究@Aji ceng gong gong tu shu guan jian she yu fu wu yan jiu@f郭放著
210    @a长春@c吉林出版集团股份有限公司@d2021.08@h2022印
215    @a166页@d26cm
330    @a本书共8章,内容包括:我国基层公共图书馆建设总体情况、图书馆服务资源概述、图书馆信息资源建设、图书馆管理要点及创新、基层图书馆管理实务、公共图书馆基本服务、基层公共图书馆延伸服务、基层图书馆共享服务。
606 0  @a公共图书馆@x基层图书馆@x图书馆工作@x研究@y中国
690    @aG259.252@v5
701  0 @a郭放@Aguo fang@4著
801  0 @aCN@bAHXH@c20221111
905    @b1362158-60@dG259.252@e47@f3
    
    基层公共图书馆建设与服务研究/郭放著.-长春:吉林出版集团股份有限公司,2021.08(2022印)
    166页;26cm
    
    
    ISBN 978-7-5731-0392-5:CNY50.00
    本书共8章,内容包括:我国基层公共图书馆建设总体情况、图书馆服务资源概述、图书馆信息资源建设、图书馆管理要点及创新、基层图书馆管理实务、公共图书馆基本服务、基层公共图书馆延伸服务、基层图书馆共享服务。
●
相关链接 在E读中查询图书 在五车中查询图书 在当当中查询图书 在豆瓣中查询图书


正题名:基层公共图书馆建设与服务研究     索取号:G259.252/47         预约/预借

序号 登录号 条形码 馆藏地/架位号 状态 备注
1 1362158   213621589   第一样本阅览室/ [索取号:G259.252/47] 在馆    
2 1362159   213621598   第四借阅区/ [索取号:G259.252/47] 在馆    
3 1362160   213621605   第四借阅区/ [索取号:G259.252/47] 在馆    
唐山师范学院图书馆 欢迎您!
大连网信软件有限公司© 版权所有